header

The illegal city (Record no. 82694)

MARC details
000 -LEADER
fixed length control field 01859nam a2200397 a 4500
082 04 - DEWEY DECIMAL CLASSIFICATION NUMBER
Classification number 307.3/364095456
100 1# - MAIN ENTRY--AUTHOR NAME
Personal name Datta, Ayona.
245 14 - TITLE STATEMENT
Title The illegal city
260 ## - PUBLICATION, DISTRIBUTION, ETC. (IMPRINT)
Place of publication Farnham, Surrey, England ;
-- Burlington, Vt. :
Name of publisher Ashgate,
Year of publication 2012.
300 ## - PHYSICAL DESCRIPTION
Number of Pages xii, 198 p. :
Other physical details ill.
490 0# - SERIES STATEMENT
Series statement Gender, space and society
505 0# - FORMATTED CONTENTS NOTE
Formatted contents note Law, space and subjectivity -- Violence of urban development -- Construction of squatter settlements -- Becoming "illegal" urban citizens -- "Legitimate" social organization -- Contested boundaries of infrastructure -- Legitimate domesticities -- Visions of the future.
650 #0 - SUBJECT ADDED ENTRY--TOPICAL TERM
Topical Term Squatter settlements
Topical Term Slums
Topical Term Squatters
Topical Term Urban poor
Topical Term City planning
Topical Term Urban policy
856 40 - ELECTRONIC LOCATION AND ACCESS
Uniform Resource Identifier http://site.ebrary.com/lib/rucke/Doc?id=10583445

No items available.

© 2026 Rongo University
Contact us: librarian | system librarian | Rongo university